Normal view
MARC view
Entry Topical Term
001 - CONTROL NUMBER
- control field: 7494
003 - CONTROL NUMBER IDENTIFIER
- control field: HDC
005 - DATE AND TIME OF LATEST TRANSACTION
- control field: 20230624073246.0
008 - FIXED-LENGTH DATA ELEMENTS
- fixed length control field: 210126|| aca||aabn | a|a d
040 ## - CATALOGING SOURCE
- Original cataloging agency: HDC
- Transcribing agency: HDC
150 ## - HEADING--TOPICAL TERM
- Topical term or geographic name entry element: Halal food
- Geographic subdivision: Hong Kong
670 ## - SOURCE DATA FOUND
- Source citation: Work cat.: (HDC): M-Tech Aroma International Ltd. 7493, Halal Food Certification, 2007
